000 00663nam a2200193 a 4500
001 000048464
005 20250611073818.0
008 190322s2014 dr r 000 0 spa d
020 _a9789945591002
040 _aDO-SdBNP
_bspa
_cBNPHU
082 _axxxx
_bR4266p
110 1 _aRepública Dominicana.
_bMinisterio de Salud Pública
_980830
245 1 0 _aPolítica nacional de investigación para la salud.
260 _aSanto Domingo :
_bMinisterio de Salud Pública,
_c2014.
300 _a83 p. ;
_c28 cm.
500 _aIncluye referencias bilbiográficas y notas al pie de las páginas
504 _aBibliografía : p. 75-77
590 _aInventariado, 2019/BT
999 _c47952
_d47952